<?xml version="1.0" encoding="UTF-8"?>
<collection xmlns="http://www.loc.gov/MARC21/slim">
 <record>
  <leader>03598cam a2200745   4500</leader>
  <controlfield tag="001">1120466903</controlfield>
  <controlfield tag="003">DE-627</controlfield>
  <controlfield tag="005">20240401183626.0</controlfield>
  <controlfield tag="007">tu</controlfield>
  <controlfield tag="008">950106s1951    gw |||||      00| ||ger c</controlfield>
  <datafield tag="016" ind1="7" ind2=" ">
   <subfield code="a">453274463</subfield>
   <subfield code="2">DE-101</subfield>
  </datafield>
  <datafield tag="020" ind1=" " ind2=" ">
   <subfield code="c"> : 12.50 (Hlw.)</subfield>
  </datafield>
  <datafield tag="035" ind1=" " ind2=" ">
   <subfield code="a">(DE-627)1120466903</subfield>
  </datafield>
  <datafield tag="035" ind1=" " ind2=" ">
   <subfield code="a">(DE-576)050466909</subfield>
  </datafield>
  <datafield tag="035" ind1=" " ind2=" ">
   <subfield code="a">(DE-599)BSZ050466909</subfield>
  </datafield>
  <datafield tag="035" ind1=" " ind2=" ">
   <subfield code="a">(OCoLC)263184123</subfield>
  </datafield>
  <datafield tag="035" ind1=" " ind2=" ">
   <subfield code="a">(OCoLC)02217566</subfield>
  </datafield>
  <datafield tag="035" ind1=" " ind2=" ">
   <subfield code="a">(DE-604)8019324766</subfield>
  </datafield>
  <datafield tag="040" ind1=" " ind2=" ">
   <subfield code="a">DE-627</subfield>
   <subfield code="b">ger</subfield>
   <subfield code="c">DE-627</subfield>
   <subfield code="e">rakwb</subfield>
  </datafield>
  <datafield tag="041" ind1=" " ind2=" ">
   <subfield code="a">ger</subfield>
  </datafield>
  <datafield tag="044" ind1=" " ind2=" ">
   <subfield code="c">XA-DE</subfield>
  </datafield>
  <datafield tag="084" ind1=" " ind2=" ">
   <subfield code="a">12a</subfield>
   <subfield code="2">sdnb</subfield>
  </datafield>
  <datafield tag="084" ind1=" " ind2=" ">
   <subfield code="a">9,10</subfield>
   <subfield code="2">ssgn</subfield>
  </datafield>
  <datafield tag="084" ind1=" " ind2=" ">
   <subfield code="a">LK 15674</subfield>
   <subfield code="2">rvk</subfield>
   <subfield code="0">(DE-625)rvk/97608:13315</subfield>
  </datafield>
  <datafield tag="084" ind1=" " ind2=" ">
   <subfield code="a">21.71</subfield>
   <subfield code="2">bkl</subfield>
  </datafield>
  <datafield tag="100" ind1="1" ind2=" ">
   <subfield code="a">Mayer, Heinrich</subfield>
   <subfield code="d">1881-1957</subfield>
   <subfield code="0">(DE-588)117545678</subfield>
   <subfield code="0">(DE-627)694253669</subfield>
   <subfield code="0">(DE-576)260899097</subfield>
   <subfield code="4">aut</subfield>
  </datafield>
  <datafield tag="245" ind1="1" ind2="0">
   <subfield code="a">Bamberger Residenzen</subfield>
   <subfield code="b">eine Kunstgeschichte der Alten Hofhaltung, des Schlosses Geyerswörth, der Neuen Hofhaltung und der Neuen Residenz zu Bamberg</subfield>
   <subfield code="c">Heinrich Mayer</subfield>
  </datafield>
  <datafield tag="264" ind1=" " ind2="1">
   <subfield code="a">München</subfield>
   <subfield code="b">Kösel</subfield>
   <subfield code="c">1951</subfield>
  </datafield>
  <datafield tag="300" ind1=" " ind2=" ">
   <subfield code="a">247 S.</subfield>
   <subfield code="b">Ill.</subfield>
   <subfield code="c">8</subfield>
  </datafield>
  <datafield tag="336" ind1=" " ind2=" ">
   <subfield code="a">Text</subfield>
   <subfield code="b">txt</subfield>
   <subfield code="2">rdacontent</subfield>
  </datafield>
  <datafield tag="337" ind1=" " ind2=" ">
   <subfield code="a">ohne Hilfsmittel zu benutzen</subfield>
   <subfield code="b">n</subfield>
   <subfield code="2">rdamedia</subfield>
  </datafield>
  <datafield tag="338" ind1=" " ind2=" ">
   <subfield code="a">Band</subfield>
   <subfield code="b">nc</subfield>
   <subfield code="2">rdacarrier</subfield>
  </datafield>
  <datafield tag="490" ind1="1" ind2=" ">
   <subfield code="a">Bamberger Abhandlungen und Forschungen</subfield>
   <subfield code="v">Bd. 1</subfield>
  </datafield>
  <datafield tag="583" ind1="1" ind2=" ">
   <subfield code="a">Massenentsäuert</subfield>
   <subfield code="c">2016</subfield>
   <subfield code="k">DE-18</subfield>
   <subfield code="2">pdager</subfield>
   <subfield code="5">DE-18-308</subfield>
  </datafield>
  <datafield tag="583" ind1="1" ind2=" ">
   <subfield code="a">Archivierung/Langzeitarchivierung gewährleistet</subfield>
   <subfield code="f">SSG</subfield>
   <subfield code="x">XA-DE-BW</subfield>
   <subfield code="2">pdager</subfield>
   <subfield code="5">DE-16</subfield>
  </datafield>
  <datafield tag="583" ind1="1" ind2=" ">
   <subfield code="a">Archivierung prüfen</subfield>
   <subfield code="c">20240324</subfield>
   <subfield code="f">DE-4165</subfield>
   <subfield code="z">3</subfield>
   <subfield code="2">pdager</subfield>
  </datafield>
  <datafield tag="689" ind1="0" ind2="0">
   <subfield code="d">g</subfield>
   <subfield code="0">(DE-588)4004391-5</subfield>
   <subfield code="0">(DE-627)106386069</subfield>
   <subfield code="0">(DE-576)208855688</subfield>
   <subfield code="a">Bamberg</subfield>
   <subfield code="2">gnd</subfield>
  </datafield>
  <datafield tag="689" ind1="0" ind2="1">
   <subfield code="d">s</subfield>
   <subfield code="0">(DE-588)4129695-3</subfield>
   <subfield code="0">(DE-627)105708011</subfield>
   <subfield code="0">(DE-576)209612657</subfield>
   <subfield code="a">Residenz</subfield>
   <subfield code="2">gnd</subfield>
  </datafield>
  <datafield tag="689" ind1="0" ind2=" ">
   <subfield code="5">(DE-627)</subfield>
  </datafield>
  <datafield tag="689" ind1="1" ind2="0">
   <subfield code="d">g</subfield>
   <subfield code="0">(DE-588)4411334-1</subfield>
   <subfield code="0">(DE-627)195948289</subfield>
   <subfield code="0">(DE-576)212167057</subfield>
   <subfield code="a">Neue Residenz</subfield>
   <subfield code="g">Bamberg</subfield>
   <subfield code="2">gnd</subfield>
  </datafield>
  <datafield tag="689" ind1="1" ind2=" ">
   <subfield code="5">(DE-627)</subfield>
  </datafield>
  <datafield tag="689" ind1="2" ind2="0">
   <subfield code="d">g</subfield>
   <subfield code="0">(DE-588)4618051-5</subfield>
   <subfield code="0">(DE-627)326416803</subfield>
   <subfield code="0">(DE-576)214314340</subfield>
   <subfield code="a">Geyerswörth Bamberg</subfield>
   <subfield code="2">gnd</subfield>
  </datafield>
  <datafield tag="689" ind1="2" ind2=" ">
   <subfield code="5">(DE-627)</subfield>
  </datafield>
  <datafield tag="689" ind1="3" ind2="0">
   <subfield code="d">g</subfield>
   <subfield code="0">(DE-588)4411334-1</subfield>
   <subfield code="0">(DE-627)195948289</subfield>
   <subfield code="0">(DE-576)212167057</subfield>
   <subfield code="a">Neue Residenz</subfield>
   <subfield code="g">Bamberg</subfield>
   <subfield code="2">gnd</subfield>
  </datafield>
  <datafield tag="689" ind1="3" ind2=" ">
   <subfield code="5">(DE-627)</subfield>
  </datafield>
  <datafield tag="689" ind1="4" ind2="0">
   <subfield code="d">g</subfield>
   <subfield code="0">(DE-588)4415966-3</subfield>
   <subfield code="0">(DE-627)213030578</subfield>
   <subfield code="0">(DE-576)212217062</subfield>
   <subfield code="a">Alte Hofhaltung</subfield>
   <subfield code="g">Bamberg</subfield>
   <subfield code="2">gnd</subfield>
  </datafield>
  <datafield tag="689" ind1="4" ind2=" ">
   <subfield code="5">(DE-627)</subfield>
  </datafield>
  <datafield tag="689" ind1="5" ind2="0">
   <subfield code="d">g</subfield>
   <subfield code="0">(DE-588)4618051-5</subfield>
   <subfield code="0">(DE-627)326416803</subfield>
   <subfield code="0">(DE-576)214314340</subfield>
   <subfield code="a">Geyerswörth Bamberg</subfield>
   <subfield code="2">gnd</subfield>
  </datafield>
  <datafield tag="689" ind1="5" ind2=" ">
   <subfield code="5">(DE-627)</subfield>
  </datafield>
  <datafield tag="787" ind1="0" ind2="8">
   <subfield code="i">Rezensiert in</subfield>
   <subfield code="a">Keller, Harald, 1903 - 1989</subfield>
   <subfield code="t">[Rezension von: Heinrich Mayer, Bamberger Residenzen. Eine Kunstgeschichte der Alten Hofhaltung, des Schlosses Geyerswörth, der Neuen Hofhaltung und der Neuen Residenz zu Bamberg]</subfield>
   <subfield code="d">1952</subfield>
   <subfield code="w">(DE-627)1672833582</subfield>
  </datafield>
  <datafield tag="830" ind1=" " ind2="0">
   <subfield code="a">Bamberger Abhandlungen und Forschungen</subfield>
   <subfield code="v">1</subfield>
   <subfield code="9">1</subfield>
   <subfield code="w">(DE-627)16734496X</subfield>
   <subfield code="w">(DE-576)00504507X</subfield>
   <subfield code="w">(DE-600)501723-3</subfield>
   <subfield code="x">0408-2974</subfield>
   <subfield code="7">ns</subfield>
  </datafield>
  <datafield tag="889" ind1=" " ind2=" ">
   <subfield code="w">(DE-627)177885300</subfield>
  </datafield>
  <datafield tag="935" ind1=" " ind2=" ">
   <subfield code="i">mdedup</subfield>
  </datafield>
  <datafield tag="936" ind1="r" ind2="v">
   <subfield code="a">LK 15674</subfield>
   <subfield code="b">Burgen und Schlösser; herrschaftliche Stadthäuser (Residenzen, palazzi, hôtels u. dgl.), Villen in Stadtnähe</subfield>
   <subfield code="k">Kunstgeschichte</subfield>
   <subfield code="k">Kunst nach Ländern bzw. Kontinenten</subfield>
   <subfield code="k">Deutschland</subfield>
   <subfield code="k">Kunsttopografie Deutschlands</subfield>
   <subfield code="k">Orte Deutschlands</subfield>
   <subfield code="k">Orte B</subfield>
   <subfield code="k">Bamberg</subfield>
   <subfield code="k">Burgen und Schlösser; herrschaftliche Stadthäuser (Residenzen, palazzi, hôtels u. dgl.), Villen in Stadtnähe</subfield>
   <subfield code="0">(DE-627)1271510383</subfield>
   <subfield code="0">(DE-625)rvk/97608:13315</subfield>
   <subfield code="0">(DE-576)201510383</subfield>
  </datafield>
  <datafield tag="936" ind1="b" ind2="k">
   <subfield code="a">21.71</subfield>
   <subfield code="j">Geschichte öffentlicher Bauten</subfield>
   <subfield code="0">(DE-627)106421263</subfield>
  </datafield>
  <datafield tag="951" ind1=" " ind2=" ">
   <subfield code="a">BO</subfield>
  </datafield>
  <datafield tag="990" ind1=" " ind2=" ">
   <subfield code="a">Bamberg</subfield>
  </datafield>
  <datafield tag="990" ind1=" " ind2=" ">
   <subfield code="a">Residenz</subfield>
  </datafield>
  <datafield tag="990" ind1=" " ind2=" ">
   <subfield code="a">Neue Residenz</subfield>
  </datafield>
  <datafield tag="990" ind1=" " ind2=" ">
   <subfield code="a">Geyerswörth Bamberg</subfield>
  </datafield>
  <datafield tag="990" ind1=" " ind2=" ">
   <subfield code="a">Neue Residenz</subfield>
  </datafield>
  <datafield tag="990" ind1=" " ind2=" ">
   <subfield code="a">Alte Hofhaltung</subfield>
  </datafield>
  <datafield tag="990" ind1=" " ind2=" ">
   <subfield code="a">Geyerswörth Bamberg</subfield>
  </datafield>
  <datafield tag="991" ind1=" " ind2=" ">
   <subfield code="a">Rezensiertes Werk</subfield>
  </datafield>
  <datafield tag="999" ind1=" " ind2=" ">
   <subfield code="a">KXP-PPN1120466903</subfield>
   <subfield code="e">4045747818</subfield>
  </datafield>
 </record>
</collection>
